书目信息 |
| 题名: |
摄影测量学
|
|
| 作者: | 柯热夫尼科夫 著 | |
| 分册: | ||
| 出版信息: | 北京 测绘出版社 1960 |
|
| 页数: | 656页 | |
| 开本: | 21cm | |
| 丛书名: | ||
| 单 册: | ||
| 中图分类: | P23 | |
| 科图分类: | ||
| 主题词: | 摄影测量法 | |
| 电子资源: | ||
| ISBN: | ||
| 000 | 00671nam0 2200229 45 | |
| 001 | 0184002523 | |
| 005 | 20060302153804.18 | |
| 010 | @b精装@dCNY3.40 | |
| 100 | @a19950620d1960 em y0chiy0121 ea | |
| 101 | 0 | @achi |
| 102 | @aCN@b110000 | |
| 105 | @ay z 000yy | |
| 200 | 10 | @a摄影测量学@Ashe ying ce liang xue@f(苏)Н·П·柯热夫尼科夫等著@F(su)Н·П·ke re fu ni ke fu deng zhu |
| 210 | @a北京@c测绘出版社@d1960 | |
| 215 | @a656页@d21cm | |
| 300 | @a苏联测绘中等技术学校教学用书 | |
| 606 | @a摄影测量法 | |
| 690 | @aP23@v3 | |
| 701 | 0 | @a柯热夫尼科夫@Ake re fu ni ke fu@4著 |
| 801 | 2 | @aCN@bNLC@c20060302 |
| 801 | 0 | @aCN@b上海图书馆@c20040520 |
| 905 | @dP23@e1 | |
| 摄影测量学/(苏)Н·П·柯热夫尼科夫等著.-北京:测绘出版社,1960 |
| 656页;21cm |
| 苏联测绘中等技术学校教学用书 |
| ISBN (精装):CNY3.40 |
| ● |
| 相关链接 |
|
|
|
|
正题名:摄影测量学
索取号:P23/1
 
预约/预借
| 序号 | 登录号 | 条形码 | 馆藏地/架位号 | 状态 | 备注 |
| 1 | 0008591 | 202186124 | 密集书库/ [索取号:P23/1] | 在馆 |